Quizzes
Events
Quiz Creation
Community
Videos
Private Events
Remove Ads
Sign In
Join for FREE
Feedback
Dark Mode
Quiz Categories
Sports
Geography
Music
Movies
Television
Just For Fun
Miscellaneous
History
Literature
Language
Science
Gaming
Entertainment
Religion
Holiday
For Kids
Quiz Lab
Recent
Popular Today
Quiz Kudos Today
Editor Picks
Curator Picks
Quizzes by...
Day
Popularity
Type
Ratings
Length
Year
Community
Subscriptions
Recent Discussions
Orange Saloon
Badges
Playlists
Quests
Create
Leaderboards
Showdown
Live 5
Trivia Bingo
Activity
Puzzle Library
Sporcle Events
Private Events
Virtual Trivia
Globe League
Become a Host
Pub Owners
SporcleCon
Opinionation
Our Games
Videos
Blog
Mobile Apps
Partnerships
Remove Ads and Go Orange
Feedback
Sports
Athletes
MLB
NBA
NHL
NFL
Soccer
Sports Teams
WWE
NCAA
Football
Premier League
Basketball
Baseball
Hockey
Golf
Tennis
Cricket
Rugby
Auto Racing
Olympics
World Cup
Sports
Athletes
MLB
NBA
NHL
NFL
Soccer
Sports Teams
WWE
NCAA
Football
Premier League
Basketball
Baseball
Hockey
Golf
Tennis
Cricket
Rugby
Auto Racing
Olympics
World Cup
Random Quiz
Search Sporcle
×
Quiz Lab
Quiz Lab
Sports
Football
Type in answers that appear in a list
Type in answers that appear in a list
Classic
Best Score? Go Orange.
Opening Day Lineups: Orioles 1954-1973 Stats
Can you name the Opening Day starters for the Baltimore Orioles 1954-1973?
By
jaysee
15m
181 Questions
1,393 Plays
1,393 Plays
1,393 Plays
Comments
Comments
Give Quiz Kudos
Give Quiz Kudos
-
- Ratings
hide this ad
More Info
Replay
Link that replays current quiz
Next Quiz
Link to next quiz in quiz playlist
You Got
0%
They Got
Avg Score
72%
Avg Friend Score
Upgrade to see
Score Distribution
Jump to the score distribution portion of the page
Score
0/181
Timer
15:00
0
Plays Today
Year
Player
% Correct
1957
Brooks Robinson
99.1%
1958
Brooks Robinson
99.1%
1959
Brooks Robinson
99.1%
1960
Brooks Robinson
99.1%
1961
Brooks Robinson
99.1%
1962
Brooks Robinson
99.1%
1963
Brooks Robinson
99.1%
1964
Brooks Robinson
99.1%
1965
Brooks Robinson
99.1%
1966
Frank Robinson
99.1%
1966
Brooks Robinson
99.1%
1967
Frank Robinson
99.1%
1967
Brooks Robinson
99.1%
1968
Brooks Robinson
99.1%
1968
Frank Robinson
99.1%
1969
Frank Robinson
99.1%
1969
Brooks Robinson
99.1%
1970
Frank Robinson
99.1%
1970
Brooks Robinson
99.1%
1971
Frank Robinson
99.1%
1971
Brooks Robinson
99.1%
1972
Brooks Robinson
99.1%
1973
Brooks Robinson
99.1%
1962
Earl Robinson
98.1%
1962
Boog Powell
97.8%
1963
Boog Powell
97.8%
1964
Boog Powell
97.8%
1965
Boog Powell
97.8%
1966
Boog Powell
97.8%
1967
Boog Powell
97.8%
1968
Boog Powell
97.8%
1969
Boog Powell
97.8%
1970
Boog Powell
97.8%
1971
Boog Powell
97.8%
1972
Boog Powell
97.8%
1973
Boog Powell
97.8%
1966
Davey Johnson
96.1%
1967
Davey Johnson
96.1%
1968
Davey Johnson
96.1%
1969
Davey Johnson
96.1%
1970
Davey Johnson
96.1%
1971
Davey Johnson
96.1%
1972
Davey Johnson
96.1%
1958
Connie Johnson
95.1%
1965
Paul Blair
95.1%
1966
Paul Blair
95.1%
1967
Paul Blair
95.1%
1968
Paul Blair
95.1%
1969
Paul Blair
95.1%
1970
Paul Blair
95.1%
1971
Paul Blair
95.1%
1972
Paul Blair
95.1%
1973
Paul Blair
95.1%
1969
Mark Belanger
94.2%
1970
Mark Belanger
94.2%
1971
Mark Belanger
94.2%
1972
Mark Belanger
94.2%
1973
Mark Belanger
94.2%
1967
Dave McNally
93.4%
1969
Dave McNally
93.4%
1970
Dave McNally
93.4%
Year
Player
% Correct
1971
Dave McNally
93.4%
1973
Dave McNally
93.4%
1963
Luis Aparicio
87.2%
1964
Luis Aparicio
87.2%
1965
Luis Aparicio
87.2%
1966
Luis Aparicio
87.2%
1967
Luis Aparicio
87.2%
1971
Elrod Hendricks
87.1%
1972
Elrod Hendricks
87.1%
1966
Andy Etchebarren
86.6%
1967
Andy Etchebarren
86.6%
1968
Andy Etchebarren
86.6%
1969
Andy Etchebarren
86.6%
1970
Andy Etchebarren
86.6%
1973
Bobby Grich
86.1%
1973
Earl Williams
84.5%
1957
Dick Williams
84.4%
1968
Don Buford
84.2%
1969
Don Buford
84.2%
1970
Don Buford
84.2%
1972
Don Buford
84.2%
1972
Pat Dobson
84.1%
1960
Jim Gentile
81.5%
1961
Jim Gentile
81.5%
1962
Jim Gentile
81.5%
1963
Jim Gentile
81.5%
1971
Merv Rettenmund
78.8%
1972
Merv Rettenmund
78.8%
1973
Merv Rettenmund
78.8%
1956
Gus Triandos
75.6%
1957
Gus Triandos
75.6%
1958
Gus Triandos
75.6%
1959
Gus Triandos
75.6%
1960
Gus Triandos
75.6%
1961
Gus Triandos
75.6%
1962
Gus Triandos
75.6%
1973
Don Baylor
74.5%
1955
Hal Smith
73.9%
1956
Hal Smith
73.9%
1963
Al Smith
73.9%
1961
Milt Pappas
73.5%
1964
Milt Pappas
73.5%
1966
Curt Blefary
71.1%
1967
Curt Blefary
71.1%
1968
Curt Blefary
71.1%
1963
Steve Barber
68.5%
1965
Steve Barber
68.5%
1966
Steve Barber
68.5%
1957
Hal Brown
66.1%
1963
Dick Brown
66%
1962
Jerry Adair
63.8%
1963
Jerry Adair
63.8%
1964
Jerry Adair
63.8%
1965
Jerry Adair
63.8%
1973
Terry Crowley
62.5%
1968
Tom Phoebus
61.5%
1958
Ron Hansen
60.9%
1959
Ron Hansen
60.9%
1960
Ron Hansen
60.9%
1961
Ron Hansen
60.9%
1957
George Kell
58.6%
Year
Player
% Correct
1960
Jackie Brandt
56.9%
1961
Jackie Brandt
56.9%
1962
Jackie Brandt
56.9%
1963
Jackie Brandt
56.9%
1964
Jackie Brandt
56.9%
1965
Jackie Brandt
56.9%
1954
Don Larsen
56.7%
1955
Gene Woodling
55.8%
1958
Gene Woodling
55.8%
1959
Gene Woodling
55.8%
1960
Gene Woodling
55.8%
1960
Jerry Walker
51.8%
1964
John Orsino
51.3%
1965
John Orsino
51.3%
1964
Norm Siebern
50.8%
1955
Willy Miranda
49.7%
1956
Willy Miranda
49.7%
1957
Willy Miranda
49.7%
1954
Vern Stephens
49.4%
1961
Gene Stephens
49.2%
1964
Sam Bowens
49.1%
1965
Sam Bowens
49.1%
1961
Russ Snyder
48.3%
1954
Clint Courtney
46.9%
1957
Billy Gardner
46.9%
1958
Billy Gardner
46.9%
1959
Billy Gardner
46.9%
1954
Bobby Young
44.8%
1954
Vic Wertz
43.6%
1954
Billy Hunter
43.1%
1959
Bob Boyd
42.8%
1960
Marv Breeding
42.6%
1961
Marv Breeding
42.6%
1962
Johnny Temple
41.9%
1959
Willie Tasby
41.8%
1958
Al Pilarcik
39.3%
1962
Billy Hoeft
38.6%
1954
Gil Coan
38.3%
1955
Gil Coan
38.3%
1954
Eddie Waitkus
38.3%
1955
Eddie Waitkus
38.3%
1957
Bob Nieman
37.7%
1956
Fred Marsh
36.3%
1955
Billy Cox
34.2%
1954
Sam Mele
33%
1959
Jack Harshman
32.4%
1958
Jim Busby
32.3%
1956
Bill Wight
31.4%
1956
Bobby Adams
30.9%
1958
Jim Marshall
30.8%
1956
Tito Francona
30.7%
1955
Lou Kretlow
29.4%
1956
Dave Philley
28.9%
1960
John Powers
28.6%
1959
Bobby Avila
28.4%
1955
Cal Abrams
26.2%
1955
Don Leppert
25.4%
1956
Jim Dyck
25.4%
1957
Carl Powis
23.2%
Quiz Playlist
Details
Report
Send in Message
Add To Playlist
More Info:
Can you name all of the Opening Day starters for the Baltimore Orioles from 1954 to 1973?
Classic:
Type in answers that appear in a list
Quiz Source
Last Updated: Feb 16, 2017
Quiz Scoreboard
CHALLENGE
Sign Up to Join the Scoreboard
Show All
Scores
Hide
Comments
May contain spoilers
Recently Published
Pick 6: Fruits
by JohnFran
Miscellaneous
15s
Click the 1999 NBA Draft
by nibperrychub
Sports
2m
Alphabetical 'K' Countries by Flag Minefield
by ylime102
Geography
3m
More to Explore
Quiz From the Vault
Featured Blog Post
15 Basketball Trivia Facts You Can Be March Mad About
hide this ad
You Might Also Like...
Tags
Football Quiz
Baltimore
Baltimore Orioles
Player
Starter
Today's Top Quizzes in Sports
Browse Sports
hide this ad
Today's Top Quizzes in Football
Browse Football
Top Contributed Quizzes in Sports
1
Don't Strike Out: 3000 Strikeouts
2
MLB 2 truths and a lie: Hall of Fame pitchers
3
MLB Players with Two .350 Batting Average Seasons
4
Last 10 Members of the 500 HR Club in Order
5
Criteria MLB: Left Handed Sluggers
6
One Time Final Four Teams
7
Millionaire: NBA Finals Edition
8
MLB Teams by First Game
9
Pitchers With Multiple No-Hitters
10
Pick 6: NFL Teams
Explore More
Trending Topics
Anime
Marvel
Crossword
Disney
Kpop
Harry Potter
NBA
Soccer
Song
The Office
Puzzle
Pokémon
NFL
Country
WWE
hide this ad
More By:
jaysee
Quiz
Plays
Rating
Category
Featured
Created
NBA All-Stars by Current Team
966,201
4.20
Sports
Feb 2, 2011
MLB Most Seasons with 20+ HR
56,983
4.50
Sports
Oct 8, 2013
Three-Word Bands Slot Machine III
37,033
4.32
Music
Nov 29, 2010
MLB - Opening Day All-Star Lineups
14,059
4.81
Sports
Dec 3, 2013
NFL - Top 5 Career Rushing Yards Per Draft
12,839
4.76
Sports
Nov 2, 2012
Go to Creator's Profile
Score Distribution
Quiz Creator Spotlight
jaysee
Follow
Send a Message
Quizzes Created
-
Created Quiz Play Count
-
More By This Creator
Popular Quizzes Today
1
Find the US States - No Outlines Minefield
2
Countries of Asia Without Outlines Minefield
3
Pick 6: Fruits
4
Alphabetical 'K' Countries by Flag Minefield
5
The Countries of the World
6
Click the 1999 NBA Draft
7
Match the Book to the Film X
8
Find the US States
More Sports Quizzes
Athletes Hall of Fame: 'N'
Quiz Lab
Trending Quizzes
Pick 6: Harry Potter
Pick 6: Golfers
Donkey Kong Minefield
DC Extended Universe: Oldest to Newest
Multiplication Danger Zone
Recently Updated
Women's Final Four Teams by Year
bhenderson79
Presidents Quartet II
eogle
Anything But Clue(do)
eogle
Anything But Oceanian Capitals
eogle
Anything But 7
eogle
Anything But Thing
eogle
Word Ladder: February 29
pecheneg
Song Title Questions
pecheneg
Women's NCAA Tournament #1 Seeds
pecheneg
Celebrity Mug Shots
pecheneg
Trending Topics
NBA
Disney
Anime
Harry Potter
Kpop
Crossword
Marvel
WWE
NFL
Country
Soccer
Puzzle
Song
The Office
Pokémon
Your Account Isn't Verified!
In order to create a playlist on Sporcle, you need to verify the email address you used during registration. Go to your
Sporcle Settings
to finish the process.
Report this User
Report this user for behavior that violates our
Community Guidelines
.
Details:
Send Report
Go to the Sporcle.com Mobile Site →
Comments